| 000 | 00565nam a2200205Ia 4500 | ||
|---|---|---|---|
| 999 |
_c1007 _d1007 |
||
| 020 | _a0-85365-678-9 | ||
| 082 | _a025.47 COA-; | ||
| 100 | _aCoates, E.J. | ||
| 245 | 0 | _aSubject catalogues: headings and structure | |
| 260 |
_aLondon _bLibrary Association _c1960 |
||
| 300 | _a186p. | ||
| 504 | _aIncludes index | ||
| 650 | _aLibrary science | ||
| 650 | _aIndexing vocabularies | ||
| 650 | _aCatalogs, Subject - Use studies | ||
| 650 | _aSubject catalogs | ||
| 650 | _aSubject headings - Study and teaching | ||
| 650 | _aInformation retrieval | ||
| 942 | _cBK | ||